00309nam a2200109Ia 4500008004100000082000800041100001200049245001900061942000600080952009800086999001500184240331s9999 xx 000 0 und d bMAR aMarx, A 0aDalit arasiyal cL 001040708LaWERCLbWERCLcSSCd2024-03-31l0o 322.42 MARp3224r2024-03-31w2024-03-31yL c2394d2394